000 00556nam a2200169 i 4500
001 135124
003 ES-MaACL
005 20230906194818.0
007 t|
008 070710s1913 fr ||||1| spa d
100 1 _aTitchener, Edward Bradford.
_9110346
245 1 0 _aElementos de psicología /
_cpor Edward Bradford Titchener ; traducidos del ingés por Ezequiel A. Chávez.
260 _aParis, etc. :
_b[s.n.],
_c1913 (
_fVda. de Ch. Bouret)
300 _a3 h., 228 p. ;
_c19 cm.
700 1 _aChávez, Ezequiel A.
_938279
852 _aES-MaACL
_jF-384
999 _c135124
_d135124